| 000 | 00863nas a2200265Ia 4500 | ||
|---|---|---|---|
| 001 | A10/R169-46719 | ||
| 003 | IT-MiCISF | ||
| 008 | 161014c99999999xx |||||||||||| ||und|| | ||
| 040 |
_aIT-MiCISF _cIT-MiCISF |
||
| 041 | _aITALIANO | ||
| 100 | _aDoldi Marco | ||
| 210 | _aTeologia | ||
| 222 | _aTeologia | ||
| 245 | 0 | _aLa comunione ai divorziati risposati: magistero e teologia morale | |
| 250 | _a1a ed. | ||
| 260 | _c2008 | ||
| 501 |
_bCISF - Centro Internazionale Studi Famiglia - Via Giotto, 36 20145 MILANO (non commercial uses only) _cCopyright 2016 |
||
| 300 | _app. 232-247 | ||
| 362 | _an. 2, giugno [2008] | ||
| 500 | _a Tema: pastorale-situazioni-difficili, divorzio, nuove-nozze, teologia, magistero, morale | ||
| 650 |
_aPASTORALE - pastorale familiare _varticolo |
||
| 700 | _aAA.VV. | ||
| 942 | _cCR | ||
| 957 | _71 | ||
| 999 |
_a46719 _bSi _g1 _c233579 _d233579 |
||